Statistiques concernant Hail Holy Queen-French

Cliquez ici pour prendre le quiz!

Statistiques générales

  • Ce quiz a été pris 4 fois
  • Le résultat moyen est 33 sur 81

Statistiques - réponses

Réponse% Correct
de
75%
de
75%
de
75%
De
75%
de
75%
de
75%
de
75%
de
75%
Dieu
75%
Jésus
75%
Jésus
75%
Mère
75%
Mère
75%
notre
75%
notre
75%
notre
75%
notre
75%
nous
75%
Nous
75%
Nous
75%
nous
75%
nous
75%
nous
75%
nous
75%
O
75%
Reine
75%
vous
75%
vous
75%
vous
75%
vous
75%
béni
50%
et
50%
Et
50%
le
50%
Marie
50%
pour
50%
Priez
50%
sainte
50%
saluons
50%
vie
50%
vie
50%
Amen
25%
après
25%
avocate
25%
cette
25%
cette
25%
Christ
25%
des
25%
d'Ève
25%
douce
25%
entrailles
25%
espérance
25%
fruit
25%
larmes
25%
l'exil
25%
miséricorde
25%
miséricordieux
25%
salut
25%
vallée
25%
vierge
25%
vos
25%
vos
25%
aimante
0%
crions
0%
dans
0%
devenions
0%
dignes
0%
Enfants
0%
exile
0%
fond
0%
gémissant
0%
montrez
0%
pleurant
0%
promesses
0%
regards
0%
soupirons
0%
tendre
0%
tournez
0%
vers
0%
vers
0%
vers
0%

Distribution des résultats

Percentile par nombre de réponses

% des personnes avec chaque résultat

Votre développement - résultats

Vous n’avez pas pris ce quiz